000 00702nam a2200193Ia 4500
001 11840
003 GE_BSU
008 181216s||||||||xx |||||||||||||| ||und||
040 _cGE_BSU
080 _a8(038)+8(031)
245 _aЛитературная энциклопедия. Т.4
245 _cРед.кол.И.М. Беспалов.П.И.Лебедев-Полянский, И.Л.Маца, И.М. Нусинов и др. Гл. ред.А.В.Луначарский
260 _aМосква
260 _bИзд-во коммунистической акад.
260 _c1930
300 _a716стр.25см. илл.
653 _aЛитературная энциклопедия
942 _cBK
999 _c45019
_d45019